ARRUPE JESUIT UNIVERSITY

CORONAVIRUS -STOP THE SPREAD - CLEAN,DISINFECT,COVER

Reporting the southern African environment : (Record no. 2920)

MARC details
000 -LEADER
fixed length control field 01497cam a2200337 a 4500
001 - CONTROL NUMBER
control field 14218341
005 - DATE AND TIME OF LATEST TRANSACTION
control field 20170921115519.0
008 - FIXED-LENGTH DATA ELEMENTS--GENERAL INFORMATION
fixed length control field 060104s1998 lo b 000 0 eng d
010 ## - LIBRARY OF CONGRESS CONTROL NUMBER
LC control number 2005325498
020 ## - INTERNATIONAL STANDARD BOOK NUMBER
International Standard Book Number 1779100027
035 ## - SYSTEM CONTROL NUMBER
System control number (OCoLC)ocm44995400
040 ## - CATALOGING SOURCE
Original cataloging agency CUY
Transcribing agency CUY
Modifying agency BAKER
-- DLC
042 ## - AUTHENTICATION CODE
Authentication code lccopycat
-- lcode
043 ## - GEOGRAPHIC AREA CODE
Geographic area code fs-----
050 00 - LIBRARY OF CONGRESS CALL NUMBER
Classification number GE160.A356
Item number C48 1998
100 1# - MAIN ENTRY--PERSONAL NAME
Personal name Chenje, Munyaradzi.
9 (RLIN) 23618
245 10 - TITLE STATEMENT
Title Reporting the southern African environment :
Remainder of title a media handbook /
Statement of responsibility, etc compiled and edited by M. Chenje.
246 30 - VARYING FORM OF TITLE
Title proper/short title Southern African environment
260 ## - PUBLICATION, DISTRIBUTION, ETC. (IMPRINT)
Place of publication, distribution, etc Maseru, Lesotho :
Name of publisher, distributor, etc Southern African Development Community ;
Place of publication, distribution, etc Harare, Zimbabwe :
Name of publisher, distributor, etc IUCN, The World Conservation Union :
-- Southern African Research and Documentation Centre,
Date of publication, distribution, etc c1998.
300 ## - PHYSICAL DESCRIPTION
Extent xi, 272 p. ;
Dimensions 20 cm.
504 ## - BIBLIOGRAPHY, ETC. NOTE
Bibliography, etc Includes bibliographical references (p. 219-224).
650 #0 - SUBJECT ADDED ENTRY--TOPICAL TERM
Topical term or geographic name as entry element Environmental indicators
Geographic subdivision Africa, Southern.
9 (RLIN) 36046
651 #0 - SUBJECT ADDED ENTRY--GEOGRAPHIC NAME
Geographic name Africa, Southern
General subdivision Environmental conditions.
9 (RLIN) 36047
710 2# - ADDED ENTRY--CORPORATE NAME
Corporate name or jurisdiction name as entry element Southern African Development Community.
9 (RLIN) 23620
710 2# - ADDED ENTRY--CORPORATE NAME
Corporate name or jurisdiction name as entry element IUCN--The World Conservation Union.
9 (RLIN) 36048
710 2# - ADDED ENTRY--CORPORATE NAME
Corporate name or jurisdiction name as entry element Southern African Research and Documentation Centre.
9 (RLIN) 23370
856 41 - ELECTRONIC LOCATION AND ACCESS
Materials specified Table of contents only
Uniform Resource Identifier <a href="http://www.loc.gov/catdir/toc/fy0611/2005325498.html">http://www.loc.gov/catdir/toc/fy0611/2005325498.html</a>
906 ## - LOCAL DATA ELEMENT F, LDF (RLIN)
a 7
b cbc
c copycat
d 3
e ncip
f 20
g y-gencatlg
942 ## - ADDED ENTRY ELEMENTS (KOHA)
Source of classification or shelving scheme Library of Congress Classification
Item type Monograph ( Printed materials)
Holdings
Withdrawn status Lost status Source of classification or shelving scheme Damaged status Not for loan Collection code Home library Current library Shelving location Date acquired Total Checkouts Full call number Barcode Date last seen Date last borrowed Copy number Price effective from Koha item type
    Library of Congress Classification     Main Collection ARRUPE LIBRARY ARRUPE LIBRARY   27/02/2013 1 GE160.A356C48 1998 46402580 09/04/2018 04/04/2017 1 27/02/2013 Monograph ( Printed materials)

 

Arrupe Library. PO Box MP320 Mt Pleasant, Harare, Zimbabwe
263 242 745411|librarian@aju.ac.zw